000 00621cam a22002053a 4500
001 42913
003 PGUSA
005 20140828083956.0
008 130611s2013||||xxu|||||s|||||000 | eng d
040 _aPGUSA
_beng
042 _adc
100 1 _aSaleeby, C. W.
_q(Caleb Williams),
_d1878-1940
245 1 0 _aParenthood and Race Culture :
_bAn Outline of Eugenics
_h[electronic resource] /
_cC. W. Saleeby
260 _bProject Gutenberg,
_c2013
506 _aPublic domain in the USA.
516 _aElectronic text
830 0 _aProject Gutenberg
_v42913
856 4 0 _uhttp://www.gutenberg.org/ebooks/42913
942 _cEB
999 _c272165
_d272165